00442pab a2200121 454500008004000000100001700040245012100057260000900178300001400187650004000201650002800241773005100269180718b2003 xxu||||| |||| 00| 0 eng d aLam, Wai-Man aAn alternative understanding of political participation: challenging the myth of political indifference in Hong Kong c2003 ap.473-96. aPolitical participation - Hong Kong aPolitical participation aInternational Journal of Public Administration